Statistics for musicals

Click here to take the quiz!

General Stats

  • This quiz has been taken 3 times
  • The average score is 14 of 110

Answer Stats

YearCOSCO2% Correct
1986The Sound of Music
100%
2014The Sound of MusicGrease
100%
201542nd StreetLegally Blonde
33%
2019Annie
33%
1985CarouselThe Wiz
33%
1967Carousel
33%
2002CarouselAnnie
33%
1985Guys & Dolls
33%
2018HairsprayThe Wizard of Oz
33%
2022Hunchback of Notre DameFame
33%
1964Iolanthe
33%
1928/29Iolanthe
33%
2017Jekyll & HydeLittle Shop of Horrors
33%
2012Jesus Christ SuperstarGuys & Dolls
33%
1963Kismet
33%
1970Kiss Me Kate
33%
1993Kiss Me KateAnnie
33%
1976My Fair Lady
33%
1989My Fair LadyGodspell
33%
2006My Fair LadyGodspell
33%
2024My Fair Lady
33%
1992OklahomaAnything Goes
33%
1969Oklahoma
33%
2004OliverHot Mikado
33%
1987OliverBye Bye Birdie
33%
2020Oliver
33%
1996Pirates of PenzanceLittle Shop of Horrors
33%
2023Shrek!School of Rock
33%
2016Sister ActCarousel
33%
2008South PacificSummer Holiday
33%
1987South Pacific
33%
2011Sweeney ToddOklahoma
33%
1934The Gondoliers
33%
1925The Gondoliers
33%
2025The Little Mermaid
33%
1990The Music Man
33%
1958The Pirates of Penzance
33%
1986The Pirates of PenzanceThe Boy Friend
33%
1959The Yeomen of the Guard
33%
1938A Country Gril
0%
1988Annie Get Your GunWest Side Story
0%
1948A Waltz Dream
0%
1954Brigadoon
0%
1984BrigadoonGrease
0%
2010Calamity JaneFootloose
0%
2007CamelotWe Will Rock You
0%
1982Camelot
0%
2005Crazy For YouWest Side Story
0%
1970Die Fledermaus
0%
1936Duchess of Dantzic
0%
1978Fiddler on the Roof
0%
1991Fiddler on the RoofGrease
0%
2009Fiddler on the RoofThe Wiz
0%
1994Godspell42nd Street
0%
2001Half a SixpenceGuys & Dolls
0%
1983Half a Sixpence
0%
1952Harmony Hill
0%
1981Hello Dolly
0%
1995Hello DollyWest Side Story
0%
1957H.M.S. Pinafore
0%
1966La Belle Helene
0%
1931Les Cloches de Corneville
0%
1998Me and My Girl
0%
1935Merrie England
0%
1968Merrie England
0%
1937Oenone
0%
1974Orpheus in the Underworld
0%
1994Orpheus in the Underworld
0%
1955Pink Champagne
0%
1927Princess Ida
0%
1932Quaker Girl
0%
1973Robert and Elizabeth
0%
1962Ruddigore
0%
1967Semprini
0%
1953Showboat
0%
1980Showboat
0%
1999Singin' in the RainRock Nativity
0%
1960Song of Norway
0%
1976Spring Serenade
0%
1958Summer Song
0%
2013Sweet CharityWest Side Story
0%
2000Sweet CharityFame
0%
1947The Arcadians
0%
1946The Beggar's Opera
0%
1968The Count of Luxembourg
0%
1962The Dancing Years
0%
1988The Desert Song
0%
1950The Desert Song
0%
1977The Great Waltz
0%
1979The King and I
0%
2003The King and I42nd Street
0%
1959The Merry Widow
0%
1975The Merry Widow
0%
1989The Mikado
0%
1972The Mikado
0%
1926The Mikado
0%
1933The Mikado
0%
1964The Most Happy Fella
0%
1961The Naughty Marietta
0%
1949The New Moon
0%
1990The Pajama GameGuys & Dolls
0%
1965The Student Prince
0%
1951The Student Prince
0%
1937The Vagabond King
0%
1956The Vagabond King
0%
1957The White Horse Inn
0%
1969Tom Jones
0%
1947Tom Jones
0%
1931Trial by Jury & Pirates of Penzance
0%
1930Yeoman of the Guard
0%

Score Distribution

Percentile by Number Answered

Percent of People with Each Score

Your Score History

You have not taken this quiz